TexTSpeech : triggered information access : TeSTIA - 2000
Αποθηκεύτηκε σε:
| Συλλογικό Έργο: | , , , |
|---|---|
| Μορφή: | Βιβλίο |
| Γλώσσα: | English |
| Δημοσίευση: |
Athens :
[s.n.],
[2000]
|
| Θέματα: | |
| Ετικέτες: |
Προσθήκη ετικέτας
Δεν υπάρχουν, Καταχωρήστε ετικέτα πρώτοι!
|
MARC
| LEADER | 00000cam a2200000 i 4500 | ||
|---|---|---|---|
| 001 | 1/20890 | ||
| 008 | 010830s2000 eng d | ||
| 035 | |l 10067206 | ||
| 040 | |a GR-MY-UA |b gre |e aacr | ||
| 041 | 0 | |a eng | |
| 082 | 0 | |a 006.454 | |
| 110 | 2 | |a Elsnet european summer school on language & speech communication. | |
| 245 | 1 | 0 | |a TexTSpeech : |b triggered information access : TeSTIA - 2000 / |c 8th elsnet european summer school & speech communication ; Institute for Language & Speech Processing; European Network in Language & Speech; University of the Aegean |
| 246 | 3 | 3 | |a Textspeech |
| 260 | |a Athens : |b [s.n.], |c [2000] | ||
| 300 | |a 1 v. (in various paging) | ||
| 650 | 0 | 0 | |a Speech processing systems |x Congresses. |
| 650 | 0 | 0 | |a Automatic speech recognition |x Congresses. |
| 650 | 0 | 0 | |a Interactive computer systems |x Congresses. |
| 650 | 0 | 0 | |a User interfaces (Computer systems) |
| 710 | 2 | |a Institute for Language & Speech Processing. | |
| 710 | 2 | |a European Network in Language & Speech. | |
| 710 | 2 | |a University of the Aegean. | |
| 852 | |a INST |b CHIOS |e 20010830 |h 006.454 ELS |p 005200021130 |q 005200021130 |t BK |y 0 | ||
| 852 | |a INST |b CHIOS |e 20010830 |h 006.454 ELS |p 005200021131 |q 005200021131 |t BK |y 0 | ||
| 852 | |a INST |b CHIOS |e 20010830 |h 006.454 ELS |p 005200021132 |q 005200021132 |t BK |y 0 | ||
| 901 | |a BIBL2-2001-2 | ||
| 909 | |a Χ |b 083912 | ||
| 909 | |a Χ |b 083913 | ||
| 909 | |a Χ |b 083914 | ||
| 970 | |a ΣΑΛΑΜΟΥΡΑ |b ΜΑΡΙΑ |z 2001/08/30 | ||